[Event "Open NK"]
[Site "Dieren NED"]
[Date "2011.07.21"]
[Round "3"]
[White "Brandenburg,D"]
[Black "Maatman,Nick"]
[Result "1-0"]
[WhiteElo "2538"]
[BlackElo "1994"]
[EventDate "2011.07.19"]

1. e4 e6 2. d4 d5 3. Nd2 Nf6 4. e5 Nfd7 5. f4 c5 6. Ndf3 Nc6 7. Ne2 a5 8.
g3 a4 9. a3 Nb6 10. Nc3 Bd7 11. Be3 Na5 12. Bf2 Qc8 13. Bh3 cxd4 14. Qxd4
Nbc4 15. f5 Nxb2 16. O-O Nbc4 17. Nxd5 exd5 18. e6 fxe6 19. fxe6 Bc6 20.
Ng5 Qc7 21. e7 Bxe7 22. Qxg7 Rf8 23. Bd4 Rxf1+ 24. Rxf1 Qd6 25. Qg8+ Bf8
26. Re1+ 1-0

[Event "Open NK"]
[Site "Dieren NED"]
[Date "2011.07.21"]
[Round "3"]
[White "Van der Poel,H"]
[Black "Petrov,Marij"]
[Result "1-0"]
[WhiteElo "2292"]
[BlackElo "2534"]
[EventDate "2011.07.19"]

1. e4 g6 2. d4 Bg7 3. Nc3 d6 4. f4 Nf6 5. Nf3 O-O 6. Be2 c5 7. dxc5 Qa5 8.
O-O Qxc5+ 9. Kh1 Nc6 10. Bd3 Bg4 11. h3 Qh5 12. Qe1 Rfe8 13. Nh2 Bd7 14. f5
g5 15. Qg3 h6 16. Bd2 Nb4 17. Rae1 Rac8 18. a3 Nxd3 19. cxd3 Bc6 20. d4
Red8 21. Qe3 g4 22. Qf4 gxh3 23. g4 Qh4 24. Rg1 Nh7 25. Nf3 Qf6 26. d5 h2
27. Qxh2 Bd7 28. g5 hxg5 29. Nxg5 Nf8 30. Nf3 Bxf5 31. exf5 Qxf5 32. Nh4
Qh7 33. Rg4 Kh8 34. Rxe7 Bf6 35. Re1 Re8 36. Rxe8 Rxe8 37. Nf3 Ng6 38.
Qxh7+ Kxh7 39. Kg2 Ne7 40. Ng5+ Bxg5 41. Rxg5 f6 42. Rh5+ Kg6 43. Rh6+ Kf5
44. Kf3 Ke5 45. Bf4+ Kd4 46. Rxf6 1-0

[Event "Open NK"]
[Site "Dieren NED"]
[Date "2011.07.21"]
[Round "3"]
[White "Neverov,V"]
[Black "Kuipers,S"]
[Result "1/2-1/2"]
[WhiteElo "2500"]
[BlackElo "2365"]
[EventDate "2011.07.19"]

1. d4 d5 2. c4 c6 3. Nf3 Nf6 4. Nc3 e6 5. Bg5 h6 6. Bxf6 Qxf6 7. e3 Nd7 8.
Bd3 dxc4 9. Bxc4 g6 10. O-O Bg7 11. Qe2 O-O 12. Rad1 b6 13. e4 Bb7 14. Ba6
Bxa6 15. Qxa6 e5 16. d5 Nc5 17. Qe2 cxd5 18. Nxd5 Qd8 19. Rd2 Re8 20. Rc1
Qb8 21. Rdc2 Qd8 22. b4 Ne6 23. Qa6 Nf4 24. Nc7 Rc8 25. g3 Qd7 26. Ne1 Nh3+
27. Kg2 Red8 28. Qe2 Ng5 29. Nd5 Rxc2 30. Qxc2 Nxe4 31. Qxe4 Qxd5 32. Qxd5
Rxd5 33. Rc8+ Bf8 34. Nc2 Kg7 35. Rc7 a5 36. Ne3 Rd2 37. bxa5 bxa5 38. a4
Ra2 39. Rc4 Bb4 40. Kf1 Ra1+ 41. Kg2 h5 42. h4 Kf6 43. Nd5+ Kg7 44. Nxb4
Rxa4 45. Rc5 axb4 46. Rxe5 Ra2 47. Rb5 Rb2 48. Rb6 b3 49. Kf3 Rb1 50. Kf4
Rf1 51. Kf3 Rb1 1/2-1/2

[Event "Open NK"]
[Site "Dieren NED"]
[Date "2011.07.21"]
[Round "3"]
[White "Arnaudov,G"]
[Black "Vogel,Ja"]
[Result "1-0"]
[WhiteElo "2439"]
[BlackElo "2221"]
[EventDate "2011.07.19"]

1. c4 Nf6 2. g3 e6 3. Bg2 d5 4. Nf3 Be7 5. O-O O-O 6. b3 b6 7. Bb2 Bb7 8.
e3 Nbd7 9. Qe2 c5 10. d3 Qc7 11. Nbd2 dxc4 12. Nxc4 b5 13. Ncd2 Bc6 14.
Rac1 Qb7 15. e4 a5 16. Rfe1 a4 17. Rc2 axb3 18. axb3 Rfe8 19. Rec1 Ra2 20.
b4 Rc8 21. Nb3 Nxe4 22. dxe4 Bxe4 23. Rd2 Bd5 24. Nxc5 Nxc5 25. bxc5 Bxc5
26. Bd4 Rxd2 27. Qxd2 Be7 28. Rxc8+ Qxc8 29. Ne1 Bxg2 30. Nxg2 Qc6 31. Ne3
f6 32. Bb2 Kf7 33. Qd3 g6 34. Qd4 h5 35. h4 e5 36. Qa7 b4 37. Qa2+ Qe6 38.
Nd5 f5 39. Qc4 Bd6 40. Qc6 f4 41. Nc7 Qe7 42. Qc4+ 1-0

[Event "Open NK"]
[Site "Dieren NED"]
[Date "2011.07.21"]
[Round "3"]
[White "Hachijan,A"]
[Black "Turova,I"]
[Result "0-1"]
[WhiteElo "2165"]
[BlackElo "2413"]
[EventDate "2011.07.19"]

1. e4 e5 2. Nf3 Nc6 3. Bb5 a6 4. Ba4 Nge7 5. O-O g6 6. c3 Bg7 7. d4 exd4 8.
cxd4 b5 9. Bb3 Na5 10. Bc2 O-O 11. Re1 d6 12. h3 c5 13. Nc3 cxd4 14. Ne2
Nec6 15. Nexd4 Nxd4 16. Nxd4 Qc7 17. Bg5 Nc4 18. b3 Qc5 19. Be3 Nxe3 20.
fxe3 Bb7 21. Rc1 Qe5 22. Nf3 Qe7 23. Bd3 Rfe8 24. a4 bxa4 25. bxa4 Bxe4 26.
Bxe4 Qxe4 27. Qxd6 Qxa4 28. Rc7 Rad8 29. Qc5 Rd1 30. Rxd1 Qxd1+ 31. Kh2 Bf8
32. Qc6 Bd6+ 33. g3 Rxe3 0-1

[Event "Open NK"]
[Site "Dieren NED"]
[Date "2011.07.21"]
[Round "3"]
[White "Zwirs,Nico"]
[Black "Odendahl,R"]
[Result "1/2-1/2"]
[WhiteElo "2125"]
[BlackElo "2375"]
[EventDate "2011.07.19"]

1. e4 c5 2. Nf3 d6 3. d4 cxd4 4. Nxd4 Nf6 5. Nc3 Nc6 6. Bg5 Bd7 7. Be2 Qa5
8. Bxf6 gxf6 9. O-O Nxd4 10. Qxd4 Rc8 11. Nd5 Qc5 12. Qd3 Qxc2 13. Qe3 Bh6
14. Qxh6 Qxe2 15. Qg7 Rf8 16. Rac1 Rxc1 17. Rxc1 Bc6 18. Nc7+ Kd7 19. Qxf8
Qxe4 20. Qg7 Kxc7 21. Qg3 e5 22. h3 a6 23. Qg4 Qg6 24. Qxg6 fxg6 25. Rc4 g5
26. g4 d5 27. Rc1 Kd6 28. f3 Ke6 29. Kf2 f5 30. gxf5+ Kxf5 31. b4 d4 32. a4
Bxa4 33. Rc7 h5 34. Rxb7 Bb5 35. Rh7 h4 36. Rf7+ Ke6 37. Rg7 Kf6 38. Rb7
Bd3 39. Ra7 Ke6 40. Rg7 Kf5 41. Rf7+ Kg6 42. Re7 Kf6 43. Ra7 Bc4 44. Rb7
Kf5 45. Rc7 Bb5 46. Rf7+ Ke6 47. Rg7 1/2-1/2

[Event "Open NK"]
[Site "Dieren NED"]
[Date "2011.07.21"]
[Round "3"]
[White "Vishnu,P"]
[Black "Timmermans,M"]
[Result "1-0"]
[WhiteElo "2340"]
[BlackElo "2183"]
[EventDate "2011.07.19"]

1. e4 e5 2. Nf3 Nc6 3. Bb5 f5 4. d3 fxe4 5. dxe4 Nf6 6. O-O d6 7. Qe2 Be7
8. Qc4 Qd7 9. Nc3 a6 10. Ba4 Rb8 11. Qe2 O-O 12. h3 Kh8 13. Rd1 Qe8 14. a3
Be6 15. Nd5 Bd8 16. Bb3 Qg6 17. Nxf6 Bxh3 18. Ng5 Bxg2 19. Nfxh7 Bxg5 20.
Nxg5 Bf3 21. Qf1 Bxd1 22. Qxd1 Nd4 23. Kg2 Nxb3 24. cxb3 Rf6 25. Be3 Rbf8
26. Qg4 Kg8 27. Rh1 c6 28. Rh5 Rd8 29. Kf1 Qe8 30. Qh4 Rh6 31. Rxh6 gxh6
32. Qxh6 Rd7 33. f4 exf4 34. Bd4 1-0

[Event "Open NK"]
[Site "Dieren NED"]
[Date "2011.07.21"]
[Round "3"]
[White "Vos,T"]
[Black "L'Ami,Alina"]
[Result "0-1"]
[WhiteElo "1842"]
[BlackElo "2312"]
[EventDate "2011.07.19"]

1. e4 c5 2. Nf3 d6 3. d4 cxd4 4. Nxd4 Nf6 5. Nc3 a6 6. Bg5 Nbd7 7. Bc4 Qa5
8. Bxf6 Nxf6 9. O-O g6 10. Qe2 Bg7 11. Kh1 O-O 12. f4 b5 13. Nc6 Qc7 14.
Bd5 Bb7 15. Nb4 e6 16. Bxb7 Qxb7 17. a3 a5 18. Nxb5 axb4 19. Nxd6 Qa6 20.
Qxa6 Rxa6 21. e5 Nd5 22. axb4 Nxb4 23. Rxa6 Nxa6 24. Ra1 Nb4 25. c4 Nd3 26.
g3 f6 27. Ra5 fxe5 28. c5 exf4 29. gxf4 Nxf4 30. c6 Nd5 31. Rxd5 exd5 32.
c7 Bxb2 33. c8=Q Rxc8 34. Nxc8 Kf7 35. h4 Ke6 36. Kg2 Bd4 0-1

[Event "Open NK"]
[Site "Dieren NED"]
[Date "2011.07.21"]
[Round "3"]
[White "Goudriaan,E"]
[Black "Swinkels,M"]
[Result "1-0"]
[WhiteElo "2283"]
[BlackElo "2102"]
[EventDate "2011.07.19"]

1. e4 c5 2. Nf3 d6 3. d4 cxd4 4. Nxd4 Nf6 5. Nc3 Nc6 6. Bg5 e6 7. Qd2 Be7
8. O-O-O O-O 9. f4 Nxd4 10. Qxd4 Qa5 11. Bc4 Bd7 12. e5 dxe5 13. fxe5 Bc6
14. Bd2 Nd7 15. Nd5 Qd8 16. Nxe7+ Qxe7 17. Kb1 a5 18. Rhe1 b5 19. Bf1 Rfc8
20. Re3 b4 21. Bd3 Bd5 22. Rg3 Nf8 23. h4 Qc5 24. Qg4 g6 25. Rf1 Bc4 26.
Qf3 Rc7 27. Be3 Qb5 28. Bh6 Bxd3 29. cxd3 1-0

[Event "Open NK"]
[Site "Dieren NED"]
[Date "2011.07.21"]
[Round "3"]
[White "Beerdsen,Thomas"]
[Black "Bus,T"]
[Result "1/2-1/2"]
[WhiteElo "2009"]
[BlackElo "2237"]
[EventDate "2011.07.19"]

1. e4 c5 2. Nf3 Nc6 3. d4 cxd4 4. Nxd4 Nf6 5. Nc3 d6 6. Bg5 e6 7. Qd2 Be7
8. O-O-O O-O 9. f4 Nxd4 10. Qxd4 Qa5 11. Kb1 Rd8 12. Bc4 Bd7 13. Bb3 Bc6
14. Rhf1 b5 15. f5 b4 16. Ne2 Bb5 17. Rde1 e5 18. Qe3 Qc7 19. Bxf6 Bxf6 20.
Rf2 a5 21. Ng3 a4 22. Bd5 Rac8 23. Nh5 Qe7 24. h4 a3 25. g4 Bxh4 26. f6 Qc7
27. Rh2 h6 28. fxg7 Bg5 29. Qf3 axb2 1/2-1/2

[Event "Open NK"]
[Site "Dieren NED"]
[Date "2011.07.21"]
[Round "3"]
[White "Mostertman,M"]
[Black "Van Foreest,Jorden"]
[Result "1-0"]
[WhiteElo "2232"]
[BlackElo "2097"]
[EventDate "2011.07.19"]

1. e4 c5 2. Nf3 d6 3. d4 cxd4 4. Nxd4 Nf6 5. Nc3 a6 6. Be2 e5 7. Nb3 Be7 8.
Bg5 O-O 9. Bxf6 Bxf6 10. Nd5 Bg5 11. Qd3 Be6 12. Rd1 Nd7 13. O-O Rc8 14. c3
g6 15. g3 Nc5 16. Nxc5 Rxc5 17. b4 Rc8 18. c4 Bxd5 19. Qxd5 Rc6 20. b5 axb5
21. cxb5 Rc2 22. Bc4 Be7 23. Qd3 Rxc4 24. Qxc4 Qa5 25. Rc1 Bd8 26. Qd5 Bb6
27. Qxb7 Bc5 28. Rb1 Qxa2 29. b6 Bxf2+ 30. Rxf2 Qxb1+ 31. Kg2 d5 32. exd5
Qe4+ 33. Kg1 Qe1+ 34. Kg2 Qe4+ 35. Kh3 Qe1 36. Rf6 e4 37. Qe7 e3 38. Rf3 e2
39. Re3 Qf1+ 40. Kh4 Qf5 41. Qg5 Qf2 42. Qe5 Qxh2+ 43. Kg4 Qf2 44. Rxe2
Qxb6 45. d6 Rd8 46. Rd2 Qb4+ 47. Rd4 h5+ 48. Kg5 f6+ 49. Qxf6 Qc5+ 50. Kh6
Rd7 51. Qxg6+ Kf8 52. Rf4+ 1-0

[Event "Open NK"]
[Site "Dieren NED"]
[Date "2011.07.21"]
[Round "3"]
[White "Partenheimer,A"]
[Black "Vereggen,L"]
[Result "1/2-1/2"]
[WhiteElo "2206"]
[BlackElo "2036"]
[EventDate "2011.07.19"]

1. Nf3 Nf6 2. g3 g6 3. b3 Bg7 4. Bb2 O-O 5. d4 b6 6. c4 Bb7 7. Bg2 c5 8.
Nc3 cxd4 9. Qxd4 d6 10. O-O Nbd7 11. Qd2 Nc5 12. Rac1 Rc8 13. Rfd1 a6 14.
Ne1 Bxg2 15. Nxg2 b5 16. Ne3 h5 17. b4 Ne6 18. cxb5 axb5 19. Ncd5 Rxc1 20.
Nxf6+ Bxf6 21. Rxc1 Bxb2 22. Qxb2 d5 23. Qe5 d4 1/2-1/2

[Event "Open NK"]
[Site "Dieren NED"]
[Date "2011.07.21"]
[Round "3"]
[White "Kampman,T"]
[Black "Brown,An"]
[Result "1/2-1/2"]
[WhiteElo "2111"]
[BlackElo "2202"]
[EventDate "2011.07.19"]

1. e4 c5 2. Nc3 Nc6 3. f4 g6 4. Nf3 Bg7 5. Bb5 Nd4 6. O-O Nxb5 7. Nxb5 d5
8. exd5 a6 9. Nc3 Nf6 10. d4 c4 11. Qe2 O-O 12. Qxc4 b5 13. Qb3 Bb7 14. a4
Nxd5 15. axb5 Nxc3 16. bxc3 axb5 17. Be3 Qc7 18. Rae1 e6 19. Ne5 Bd5 20.
Qb4 Rfc8 21. Bd2 Ra2 22. Qb1 Rca8 23. Rf2 b4 24. c4 Bxc4 25. Bxb4 Rb8 26.
c3 Rxf2 27. Kxf2 Bf8 28. Qc1 Ra8 29. Bxf8 Ra2+ 30. Kg1 Qb7 31. Nf3 Kxf8 32.
f5 gxf5 33. Qg5 Qe7 34. Qh6+ Kg8 35. Rb1 Ra8 36. Ne5 Bd5 37. c4 Be4 38. Rb3
Ra1+ 39. Kf2 Ra2+ 40. Ke1 Ra1+ 41. Kf2 Ra2+ 42. Ke1 Ra1+ 43. Kf2 Ra2+
1/2-1/2

[Event "Open NK"]
[Site "Dieren NED"]
[Date "2011.07.21"]
[Round "3"]
[White "Van Mierlo,Guido"]
[Black "Lommers,F"]
[Result "0-1"]
[WhiteElo "2097"]
[BlackElo "2176"]
[EventDate "2011.07.19"]

1. e4 e5 2. Bc4 Nf6 3. Nf3 Nc6 4. d3 Be7 5. O-O O-O 6. c3 d5 7. exd5 Nxd5
8. Re1 Bg4 9. h3 Bh5 10. Bb5 Bd6 11. Nbd2 Kh8 12. Ne4 Nde7 13. Ng3 Bg6 14.
Nh4 Bc5 15. Nxg6+ Nxg6 16. Ne4 Be7 17. d4 Qd5 18. Bxc6 Qxc6 19. Bg5 f6 20.
d5 Qb5 21. a4 Qd7 22. Be3 Rad8 23. c4 b6 24. Qc2 f5 25. Nc3 e4 26. Bd4 Bd6
27. a5 Nf4 28. axb6 axb6 29. Ra7 Qf7 30. Ne2 Nd3 31. Rf1 Qh5 32. f4 exf3
33. Qxd3 fxe2 34. Re1 Rde8 35. Qc3 Qg5 36. b4 f4 37. Qf3 Bxb4 38. Rxe2 Rxe2
39. Qxe2 f3 40. Qb2 Bd6 41. g4 h5 42. Kf1 hxg4 43. h4 Qg6 44. h5 Qg5 0-1

[Event "Open NK"]
[Site "Dieren NED"]
[Date "2011.07.21"]
[Round "3"]
[White "Offringa,Joo"]
[Black "Jonker,F"]
[Result "1-0"]
[WhiteElo "2085"]
[BlackElo "2154"]
[EventDate "2011.07.19"]

1. e4 e5 2. Nf3 Nc6 3. Bb5 a6 4. Ba4 Nf6 5. d3 d6 6. Nc3 Be7 7. O-O O-O 8.
Be3 b5 9. Bb3 Na5 10. Ne2 c5 11. c3 Nxb3 12. axb3 Qc7 13. c4 Rb8 14. Qd2
Qb7 15. Ra2 Ng4 16. Ng3 f5 17. exf5 Bxf5 18. Nxf5 Rxf5 19. h3 Nxe3 20. fxe3
e4 21. Nh2 Rxf1+ 22. Nxf1 d5 23. dxe4 dxc4 24. bxc4 Rd8 25. Qc2 b4 26. b3
Bf6 27. Nd2 Bc3 28. Nf3 Re8 29. Kf2 Bf6 30. Ra5 Qb6 31. Qa2 Re6 32. e5 Bd8
33. Ra4 h6 34. Qc2 Qc6 35. Qd3 Bc7 36. Qd5 Kf8 37. Ra2 a5 38. Ke2 Rg6 39.
Kd3 Re6 40. Qxc6 Rxc6 41. Ke4 Bb6 42. Nh4 Rc7 43. e6 g5 44. Nf5 Ra7 45. e7+
Kf7 46. Nd6+ 1-0

[Event "Open NK"]
[Site "Dieren NED"]
[Date "2011.07.21"]
[Round "3"]
[White "Von Meijenfeldt,Bart"]
[Black "Oudshoorn,Arres"]
[Result "1-0"]
[WhiteElo "2154"]
[BlackElo "2007"]
[EventDate "2011.07.19"]

1. e4 c5 2. Nc3 e6 3. f4 a6 4. g3 Nc6 5. Bg2 b5 6. Nf3 d5 7. exd5 exd5 8.
O-O Nf6 9. d4 Be7 10. dxc5 Bxc5+ 11. Kh1 O-O 12. Ne5 Nxe5 13. fxe5 Ng4 14.
Qe2 Qb6 15. Nxd5 Qa7 16. h3 Nf2+ 17. Kh2 Be6 18. Ne3 Bc4 19. Nxc4 bxc4 20.
Bxa8 Rxa8 21. Bd2 Rd8 22. Ba5 Rc8 23. Be1 1-0

[Event "Open NK"]
[Site "Dieren NED"]
[Date "2011.07.21"]
[Round "3"]
[White "Smagin,N"]
[Black "Merza,M"]
[Result "1-0"]
[WhiteElo "1977"]
[BlackElo "2145"]
[EventDate "2011.07.19"]

1. e4 e6 2. Nf3 d5 3. e5 c5 4. b4 cxb4 5. a3 bxa3 6. Nxa3 Nc6 7. c3 Bd7 8.
d4 f6 9. exf6 Nxf6 10. Bd3 Be7 11. O-O Rc8 12. Re1 Qa5 13. Bd2 Bxa3 14. Qb3
O-O 15. Rxa3 Qc7 16. h3 a6 17. Qb1 Rce8 18. Ra2 Bc8 19. Ne5 Na5 20. Qb4 Nc6
21. Qb1 Na5 22. Bf4 Qd8 23. Bg5 h6 24. Bh7+ Kh8 25. Ng6+ Kxh7 26. Nxf8+ Kg8
27. Bxf6 gxf6 28. Qg6+ Kxf8 29. Rxa5 Qe7 30. Qxh6+ Qg7 31. Qxg7+ Kxg7 32.
Rxd5 Kf7 33. Rc5 Ke7 34. h4 Kd6 35. h5 b6 36. Rc4 Bb7 37. Re3 a5 38. Ra4
Bc6 39. Ra1 Kd5 40. h6 Re7 41. Kh2 Kc4 42. Ra3 f5 43. Kg3 Bd5 44. Kf4 Bxg2
45. Kg5 1-0

[Event "Open NK"]
[Site "Dieren NED"]
[Date "2011.07.21"]
[Round "3"]
[White "Cox,Ja"]
[Black "Vosselman,J"]
[Result "1/2-1/2"]
[WhiteElo "1962"]
[BlackElo "2112"]
[EventDate "2011.07.19"]

1. e4 e5 2. Nf3 Nc6 3. Bb5 d6 4. d4 Bd7 5. O-O Nf6 6. c3 Be7 7. Re1 O-O 8.
h3 Nxd4 9. Nxd4 exd4 10. Bxd7 Nxd7 11. cxd4 d5 12. exd5 Nb6 13. Nc3 Bf6 14.
Qf3 Bxd4 15. Nb5 Bf6 16. d6 cxd6 17. Bf4 Nc4 18. Rad1 Nxb2 19. Rxd6 Qa5 20.
Re4 Qxb5 21. Rxf6 Qd3 22. Be3 Qd1+ 23. Kh2 Qxf3 24. Rxf3 b6 25. Bd4 Na4 26.
Bxg7 Kxg7 27. Rg4+ Kh8 28. Rxa4 a5 29. Raf4 Ra7 30. a4 Re8 31. Rxf7 Rxf7
32. Rxf7 Re4 33. Rb7 Rxa4 34. Rxb6 Kg7 35. Ra6 Ra3 36. f3 a4 37. f4 h5 38.
g4 h4 39. Kg2 Rg3+ 40. Kh2 a3 41. f5 1/2-1/2